| 000 | 00617nam a2200229 a 4500 | ||
|---|---|---|---|
| 005 | 20210219153001.0 | ||
| 008 | 991125n 000 0 eng u | ||
| 035 | _aUPN01000070700 | ||
| 100 | _aEntner, Donald | ||
| 222 | _aEDUCATIONAL RECORD | ||
| 245 | _aDCCC takes the TQM plunge...and tells how | ||
| 300 | _a28-34 | ||
| 362 | _a1993 74, No. 2 | ||
| 505 | _aOctubre 1993 | ||
| 653 | 0 | _aADMINISTRACION DE COLEGIOS | |
| 653 | 0 | _aCAMBIO ORGANIZACIONAL | |
| 653 | 0 | _aCONTROL DE CALIDAD | |
| 653 | 0 | _aPLANEACION EDUCATIVA | |
| 653 | 0 | _aSISTEMAS DE DIRECCION | |
| 904 |
_aAC _b008511 |
||
| 905 | _aArticulo | ||
| 999 |
_c65468 _d65468 |
||